Blood on the Clocktower - Trouble Brewing (Deutsch) - Statistiken

Allgemein
  • Dieses Quiz wurde 41 mal gespielt
  • Das Durchschnittsergebnis liegt bei 19 aus 22
Antwortstatistiken
Antwort % Korrekt
Baron
97%
Imp
97%
Spy
97%
Drunk
94%
Mayor
94%
Recluse
94%
Librarian
91%
Monk
91%
Scarlet Woman
91%
Slayer
91%
Chef
88%
Empath
88%
Poisoner
88%
Saint
88%
Washerwoman
85%
Soldier
82%
Undertaker
82%
Butler
79%
Fortune Teller
79%
Ravenkeeper
79%
Investigator
74%
Virgin
71%
Keine übereinstimmenden Quizze gefunden
Verteilung der Resultate
Anzahl Personen mit jedem Resultat
Perzentil nach korrekt beantworteten Fragen
Ihre Resultats-Entwicklung
Sie haben dieses Quiz noch nicht gespielt